UK retail briefing market view (Record no. 118890)

MARC details
000 -LEADER
fixed length control field 00789cas a22002055a 4500
001 - CONTROL NUMBER
control field L137192
008 - FIXED-LENGTH DATA ELEMENTS--GENERAL INFORMATION
fixed length control field 070321c2006 xxkur w ss 0 a0eng u
035 ## - SYSTEM CONTROL NUMBER
System control number (Sirsi) u137192
041 0# - LANGUAGE CODE
Language code of text/sound track or separate title eng
110 2# - MAIN ENTRY--CORPORATE NAME
Corporate name or jurisdiction name as entry element CB Richard Ellis
9 (RLIN) 3675
245 00 - TITLE STATEMENT
Title UK retail briefing market view
Medium [electronic resource]
260 ## - PUBLICATION, DISTRIBUTION, ETC.
Place of publication, distribution, etc. London
Name of publisher, distributor, etc. CBRE
Date of publication, distribution, etc. 2006
362 0# - DATES OF PUBLICATION AND/OR SEQUENTIAL DESIGNATION
Dates of publication and/or sequential designation 2006-
490 #0 - SERIES STATEMENT
Series statement UK Retail Briefing Market View
Volume/sequential designation 2006
520 ## - SUMMARY, ETC.
Summary, etc. Reports on economic overview, supply and demand, scheme supply, investment transactions and retail property performance.
651 #4 - SUBJECT ADDED ENTRY--GEOGRAPHIC NAME
Geographic name United Kingdom
Chronological subdivision
690 ## - LOCAL SUBJECT ADDED ENTRY--TOPICAL TERM (OCLC, RLIN)
Topical term or geographic name as entry element PROPERTY-COMMERCIAL PROPERTY-COMMERCIAL PROPERTY MARKET
856 40 - ELECTRONIC LOCATION AND ACCESS
Uniform Resource Identifier <a href="https://portal.cbre.eu/propertyinfomap/uk/index.html">https://portal.cbre.eu/propertyinfomap/uk/index.html</a>
Public note View the item free of charge at http://portal.cbre.eu...
942 ## - ADDED ENTRY ELEMENTS (KOHA)
Suppress in OPAC 0
Holdings
Withdrawn status Lost status Source of classification or shelving scheme Damaged status Not for loan Home library Current library Shelving location Date acquired Total Checkouts Full call number Barcode Date last seen Copy number Price effective from Koha item type
    Dewey Decimal Classification     Virtual Virtual Online 21/03/2007   ONLINE PUBLICATION 137192-1001 06/08/2019 1 06/08/2019 Book